000 00516nam a2200181Ia 4500
008 151213s9999 xx 000 0 und d
020 _a0-201-78577-3
082 _a331
_b331
100 _aRonald G. Ehronberg, & Robert S. Smith
245 _aModern Labour Economics
_cRonald G. Ehronberg, & Robert S. Smith
250 _a8th
260 _aNew York
_bAddison Wewsley
_c2002
300 _a8324 p.
650 _aEconomics
650 _aEconomics
700 _aRonald G. Ehronberg, & Robert S. Smith
999 _c4166
_d4166